Historias de dragones / (Registro nro. 8545)

Detalles MARC
000 -LIDER
fixed length control field 01103nam a22003377a 4500
003 - IDENTIFICACDOR DE NÚMERO DE CONTROL
control field DO-SdBNP
005 - DATE AND TIME OF LATEST TRANSACTION
control field 20180125135803.0
008 - ELEMENTOS DE LONGITUD FIJA
fixed length control field 151104b 1991 sp ||||| |||| 00| 0 spa d
020 ## - ISBN
International Standard Book Number 8420743097
040 ## - FUENTE DE CATALOGACIÓN
Agencia que crea de manera original el registro BPMSU
Idioma de catalogación spa
Agencia que realiza la transcripción BPMSU
041 17 - CÓDIGOS DE OBRAS TRADUCIDAS O EN VARIOS IDIOMAS
Código del idioma del texto/archivo de sonido o separata spa
Cód. del idioma original y/o traducciones intermedias del texto eng
092 ## - LOCALLY ASSIGNED DEWEY DECIMAL CALL NUMBER
Número de clasificación xxxxx
Número de ítem (Cutter) xxxxx
100 1# - ASIENTO PRINCIPAL -- NOMBRE PERSONAL
Nombre personal Nesbit, Edith,
Fechas asociadas con el nombre 1858-1924.
245 10 - MENCIÓN DE TITULO
Título Historias de dragones /
Mención de responsabilidad E. Nesbit ; traducción, apéndice y notas Marisol Dorao ; ilustración H. R. Millar y H. Grandville Fell.
260 ## - PUBLICACIÓN, DISTRIBUCIÓN, ETC. (PIE DE IMPRENTA)
Lugar de publicación, distribución, etc Madrid :
Nombre del editor, distribuidor, etc. Grupo Anaya,
Fecha de publicación, distribución, etc 1991.
300 ## - DESCRIPCIÓN FÍSICA
Extensión 207 p. :
Otros detalles físicos il. ;
Dimensiones 20 cm.
490 1# - MENCIÓN DE SERIES
Mención de serie Tus libros
Volume/sequential designation 112
490 1# - MENCIÓN DE SERIES
Mención de serie Maravillosos
500 ## - NOTA GENERAL
Nota general Incluye referencias bibliográficas y notas al pie de las páginas.
504 ## - NOTA DE BIBLIOGRAFÍA, ETC.
Bibliography, etc Bibliografía : p, 205-207
534 ## - NOTA SOBRE LA VERSIÓN ORIGINAL
Asiento principal del original The last of the dragons.
650 ## - ENCABEZAMIENTO DE MATERIA--TEMÁTICO
Término temático o nombre geográfico como elemento de entrada Cuentos infantiles ingleses.
700 12 - ASIENTO SECUNDARIO -- NOMBRE PERSONAL
Materiales especificados Dorao, Marisol,
Término de relación tr.
700 12 - ASIENTO SECUNDARIO -- NOMBRE PERSONAL
Nombre personal Millar, H. R.,
Materiales especificados il.
700 12 - ASIENTO SECUNDARIO -- NOMBRE PERSONAL
Nombre personal Grandville Fell, H.,
Mención de responsabilidad il.
830 #0 - ASIENTO SECUNDARIO DE SERIE--TÍTULO UNIFORME
Título uniforme Tus libros ;
Número de la parte o sección de una obra 112
830 #0 - ASIENTO SECUNDARIO DE SERIE--TÍTULO UNIFORME
Título uniforme Maravillosos
942 ## - ADDED ENTRY ELEMENTS (KOHA)
Source of classification or shelving scheme Dewey Decimal Classification
Koha item type Libros
945 ## - INFORMACIÓN DE PROCESAMIENTO LOCAL
Información de procesamiento local Inventariado, 2018 / DG
956 ## - LOCAL ELECTRONIC LOCATION AND ACCESS (OCLC)
Nombre de host LOPEREZ
Número de acceso 10
Existencias
Withdrawn status Lost status Source of classification or shelving scheme Damaged status Not for loan Collection code Home library Current library Date acquired Source of acquisition Total Checkouts Barcode Date last seen Koha item type Copy number Price effective from
    Dewey Decimal Classification     Colección Juvenil General Biblioteca Pública Metropolitana Salomé Ureña Biblioteca Pública Metropolitana Salomé Ureña 11/04/2015 FUNDI   BPMSU15110049 11/04/2015 Libros    
    Dewey Decimal Classification     Colección Juvenil General Biblioteca Pública Metropolitana Salomé Ureña Biblioteca Pública Metropolitana Salomé Ureña 07/14/2016 FUNDI   BPMSU16070469 07/14/2016 Libros e. 2 07/14/2016